K nové úloze centra ve vnějších ekonomických vztazích

Uložené v:
Podrobná bibliografia
Hlavný autor: Plchová, Božena
Médium: Kniha
Jazyk:Czech
Vydavateľské údaje: Praha Československá obchodní a průmyslová komora 1988
Tagy: Pridať tag
Žiadne tagy, Buďte prvý, kto otaguje tento záznam!

MARC

LEADER 00000nam a2200000 4500
001 c036652
005 20250515081156.7
041 0 |a cze 
044 |a CZ 
245 1 0 |a K nové úloze centra ve vnějších ekonomických vztazích  |c Božena Plchová 
264 1 |a Praha  |b Československá obchodní a průmyslová komora  |c 1988 
300 |a 123 s. 
100 1 |a Plchová, Božena